Minecraft elder guardian drops - Statistics

General Stats
  • This quiz has been taken 27 times
  • The average score is 4 of 6
Answer Stats
Answer % Correct
Prismarine Shard
94%
Cod
88%
Salmon
76%
Wet sponge
71%
Pufferfish
65%
Tropical Fish
53%
No matching quizzes found
Score Distribution
Percent of People with Each Score
Percentile by Number Answered
Your Score History
You have not taken this quiz